| 000 | 00994nas a2200301 4500 | ||
|---|---|---|---|
| 001 | BR2014006356 | ||
| 003 | BR-BrBNA | ||
| 005 | 20231205124613.0 | ||
| 007 | ta | ||
| 008 | 230509b bl.|||p| |||| 00| 00por d | ||
| 040 |
_aBR-BrBNA _bpor _cBiblioteca Nacional de Agricultura |
||
| 041 | _a(Pt) | ||
| 072 | _aP10; P40 | ||
| 100 | 1 | _aSilva, W.P. da | |
| 100 | 1 | _aAlmeida, C.D.G.C. de | |
| 100 | 1 | _aRolim, M.M. | |
| 100 | 1 | _aSilva, E.F. de F. e | |
| 100 | 1 | _aPedrosa, E.M.R. | |
| 100 | 1 | _aSilva, V.G.F. | |
| 245 | 1 | _aMonitoramento da salinidade de águas subterrâneas em várzea cultivada com cana-de-açúcar fertirrigada com vinhaça | |
| 650 | _aSACCHARUM OFFICINARUM | ||
| 650 | _aRESÍDUO | ||
| 650 | _aLENÇOL FREÁTICO | ||
| 650 | _aPRECIPITAÇÃO PLUVIAL | ||
| 773 | 0 |
_tRevista Brasileira de Engenharia Agrícola e Ambiental (Brazil) _xISSN 1415-4366 _g(Apr 2014), V. 18(4) p. 394-401 _wBR2014006356 |
|
| 909 |
_a202311 _bLúcia _c55 _dLúcia Elande |
||
| 942 |
_2AGRIS _n0 _cANA |
||
| 999 |
_c239935 _d239935 |
||